000 00641nam a2200277Ia 4500
005 20260324130534.0
008 008 260324s9999 xx 000 0 eng d
020 _a9780080481173
037 _aEBOOK
040 _aCRL
040 _beng
040 _cCRL
041 _2eng
041 _aeng
084 _qCRL
100 _aJohn Cass
_91182164
245 0 _aStrategies and Tools for Corporate Blogging
260 _bTaylor and Francis
260 _c2007
365 _a
365 _b195
856 _uhttp://www.taylorfrancis.com/books/9780080481173
942 _cEBOOK
999 _c1778408
_d1778408